|
|
|
|
| LEADER |
00000naa2a2200000 4500 |
| 001 |
432182 |
| 005 |
20231101075459.0 |
| 035 |
|
|
|a (RuTPU)RU\TPU\prd\92419
|
| 035 |
|
|
|a RU\TPU\tpu\1586
|
| 090 |
|
|
|a 432182
|
| 100 |
|
|
|a 20101206d1949 k y0rusy50 ca
|
| 101 |
0 |
|
|a rus
|
| 102 |
|
|
|a RU
|
| 200 |
1 |
|
|a Электропроводность системы анилин-треххлористая сурьма
|f А. С. Наумова, С. Житков
|
| 320 |
|
|
|a Библиогр.: 10 назв.
|
| 461 |
|
|
|0 (RuTPU)RU\TPU\prd\161
|x 0044-460X
|t Журнал общей химии
|f Российская академия наук (РАН) ; Отделение химии и наук о материалах РАН
|d 1931-
|
| 463 |
|
|
|0 (RuTPU)RU\TPU\prd\92417
|t Т. 19, вып. 8
|v С. 1429-1434
|d 1949
|
| 610 |
1 |
|
|a химические науки
|
| 610 |
1 |
|
|a труды учёных ТПУ
|
| 700 |
|
1 |
|a Наумова
|b А. С.
|
| 701 |
|
1 |
|a Житков
|b С.
|
| 801 |
|
0 |
|a RU
|b 63413507
|c 20011210
|g PSBO
|
| 801 |
|
2 |
|a RU
|b 63413507
|c 20171109
|g PSBO
|
| 942 |
|
|
|c BK
|